Okres Nové Zámky Československo

Bibliographic Details
Format: Book
Language:Undetermined
PhysicalDescription:10 s.
Published: v Nových Zámkoch ONV-odbor obchodu a cestovného ruchu 1977

MARC

LEADER 00000nam a2200000 a 4500
001 vtls001430245
003 SK-MaSNL
005 20260224113209.0
008 210928s1977 xx 0 und
035 |a SNK000385269 
040 |a SNK  |b slo  |c SNK  |e AACR2 
245 1 |a Okres Nové Zámky  |b Československo 
260 |a v Nových Zámkoch  |b ONV-odbor obchodu a cestovného ruchu  |c 1977 
300 |a 10 s. 
958 |a OND 
999 |c 985658  |d 987588 
952 |t P60, <04>, [BOOK], {604}  |a SNK  |b SNK  |y VYP  |7 0  |p 17A0335793  |o snkSC 42615 D1  |0 0  |1 0  |4 0  |d 2002-03-01  |l 0  |r 2005-01-02 00:00:00  |w 2026-02-24 
952 |a SNK  |b SNK  |y PREZ  |7 0  |p 17A1003551  |o snkSC 42615   |0 0  |1 0  |4 0  |d 2013-08-20  |l 0  |r 2025-10-21 00:00:00  |w 2026-02-24